Statistics for Speed Pi (100 digits)

Click here to take the quiz!

General Stats

  • This quiz has been taken 31,676 times
  • The average score is 25 of 100

Answer Stats

Digit% Correct
3.
100%
1
99%
4
98%
1
97%
5
96%
9
93%
2
90%
6
87%
5
82%
3
78%
5
73%
8
67%
9
63%
7
57%
9
54%
3
50%
2
48%
3
47%
8
43%
4
41%
6
40%
2
38%
6
37%
4
36%
3
35%
3
33%
8
32%
3
31%
2
30%
7
29%
9
28%
5
27%
0
26%
2
25%
8
24%
4
23%
8
23%
1
22%
7
21%
9
21%
1
20%
6
19%
9
19%
3
18%
9
18%
9
17%
3
16%
5
16%
7
16%
1
15%
0
14%
5
13%
8
13%
0
12%
2
12%
7
11%
9
11%
4
10%
4
10%
9
10%
4
9%
5
9%
9
9%
0
8%
2
8%
3
8%
7
8%
1
7%
4
7%
6
7%
8
7%
0
6%
2
6%
6
6%
6
6%
8
6%
0
5%
2
5%
8
5%
8
5%
9
5%
9
5%
0
4%
2
4%
3
4%
4
4%
6
4%
8
4%
8
4%
0
3%
1
3%
1
3%
2
3%
2
3%
3
3%
4
3%
5
3%
7
3%
6
2%
7
2%

Score Distribution

Percentile by Number Answered

Percent of People with Each Score

Your Score History

You have not taken this quiz